000 00674nam a2200229Ia 4500
003 OSt
005 20220925232538.0
006 a|||||r|||| 00| 0
007 ta
008 220923b |||||||| |||| 00| 0 eng d
037 _cGeneral Book
040 _aRTL
_cRTL
_beng
041 _2eng
_aeng
082 _aX61.2.P0, P1/GD
110 _aReserve Bank of India
_942573
245 0 _aMacroeconomic and monetary developments in 2000-20
260 _aMumbai
_bR B I
_c2001
650 _aMonetary Economics
_9231636
700 _aReserve Bank of India
_942574
942 _hX61.2.P0, P1/GD
_cGB
_2CC
999 _c591590
_d591590